| 000 | 00451nam a2200181Ia 4500 | ||
|---|---|---|---|
| 001 | 14631 | ||
| 005 | 20260306164928.0 | ||
| 008 | 260306t2002||||xx |||||||||||||| ||spa|| | ||
| 041 | _aESP | ||
| 082 |
_a515.35 _bZ945 2002 |
||
| 100 |
_aZill, Dennis G. _eAUT |
||
| 245 | 0 | _aEcuaciones diferenciales con aplicaciones de modelado | |
| 260 | _c2002 | ||
| 300 |
_axv, 438 páginas : _c |
||
| 650 | _aGEN | ||
| 654 | _aCMA | ||
| 942 |
_cLIB _dJUS _fJUS _2ddc _n |
||
| 999 |
_c14631 _d14631 |
||